Eneada

Gespeichert in:
Bibliographische Detailangaben
1. Verfasser: Plotino (VerfasserIn)
Format: Buch
Sprache:Spanisch
Veröffentlicht: Madrid Aguilar 1960
Ausgabe:2a. ed
Schriftenreihe:Biblioteca de iniciación filosófica
Schlagworte:
Tags: Tag hinzufügen
Keine Tags, Fügen Sie den ersten Tag hinzu!

MARC

LEADER 00000nam a2200000 a 4500
001 UCY7022
003 CL-VaPUC
008 950602e19600000SP |||||||||||||||||spa|d
082 0 4 |a 186.4  |b PLO  |2 21 
100 0 |a Plotino  |e author  |9 266516 
245 1 0 |a Eneada 
250 |a 2a. ed 
300 |a v 
942 |c BK 
945 |d 19950602 00:00:00  |a oaravena 
260 |a Madrid  |b Aguilar  |c 1960 
650 0 |a Filosofía   |9 223554 
650 0 |a Edad media  |9 258041 
650 0 |a Platonismo  |9 265673 
650 0 |a Neoplatonismo  |9 265877 
650 0 |a Cosmología  |9 269138 
650 0 |a Filosofía del espíritu  |9 320175 
650 0 |a Amor  |9 257817 
650 7 |a INMORTALIDAD  |2 CL-VaPUC  |9 320467 
650 7 |a SER  |2 CL-VaPUC  |9 320176 
583 |a last modification  |c 19950602 00:00:00  |k Rodrigo Vera 
490 0 |a Biblioteca de iniciación filosófica 
999 |c 234497  |d 234495 
952 |0 0  |1 0  |4 0  |6 186_400000000000000_PLO_1960  |7 0  |8 A  |9 240915  |a BIBEDU  |b BIBEDU  |d 2019-11-18  |h v.1  |i 1514350  |o 186.4 PLO 1960  |p 1514350  |r 2019-11-18  |w 2019-11-18  |y BK  |k FIL 
952 |0 0  |1 0  |4 0  |6 186_400000000000000_PLO_1960  |7 0  |8 A  |9 240916  |a BIBEDU  |b BIBEDU  |d 2019-11-18  |h v.2  |i 1514369  |o 186.4 PLO 1960  |p 1514369  |r 2019-11-18  |w 2019-11-18  |y BK  |k FIL 
952 |0 0  |1 0  |4 0  |6 186_400000000000000_PLO_1960  |7 0  |8 A  |9 240917  |a BIBEDU  |b BIBEDU  |d 2019-11-18  |h v.3  |i 1514377  |o 186.4 PLO 1960  |p 1514377  |r 2019-11-18  |w 2019-11-18  |y BK  |k FIL 
952 |0 0  |1 0  |4 0  |6 186_400000000000000_PLO_1960  |7 0  |8 A  |9 240918  |a BIBEDU  |b BIBEDU  |d 2019-11-18  |h v.4  |i 1514385  |o 186.4 PLO 1960  |p 1514385  |r 2019-11-18  |w 2019-11-18  |y BK  |k FIL 
952 |0 0  |1 0  |4 0  |6 186_400000000000000_PLO_1960  |7 0  |8 A  |9 240919  |a BIBEDU  |b BIBEDU  |d 2019-11-18  |h v.5  |i 1514393  |l 4  |m 2  |o 186.4 PLO 1960  |p 1514393  |q 2024-08-02  |r 2024-07-03  |s 2024-07-03  |w 2019-11-18  |y BK  |k FIL 
952 |0 0  |1 0  |4 0  |6 186_400000000000000_PLO_1960  |7 0  |8 A  |9 240920  |a BIBEDU  |b BIBEDU  |d 2019-11-18  |h v.6  |i 1514407  |o 186.4 PLO 1960  |p 1514407  |r 2019-11-18  |w 2019-11-18  |y BK  |k FIL